000 00877nam a22002297a 4500
005 20240530110521.0
008 160217s2012 ua a f 000 0 ara d
017 _a2012/5404
_bمصر . دار الكتب المصرية
020 _a9789774277375
040 _aEG-CaGPL
082 0 4 _221
_a364.133
_bق/أ س
100 0 _aاشرف العشماوى .
245 1 0 _aسرقات مشروعة :
_bحكايات عن سرقة اثار مصر و تهريبها و محاولات استردادها /
_cاشرف العشماوى .
250 _aط1.
260 _aالقاهرة :
_bالدار المصرية اللبنانية ،
_c2012 .
300 _a311 ص ؛
_c24 سم .
650 0 4 _aسرقة الاثار .
651 0 4 _aمصر الفرعونية .
651 0 4 _aالاثار الفرعونية .
942 _2ddc
_cBK
999 _c61891
_d61891